[Event "Torneo dello Jonio"]
[Site "Isola di Capo Rizzuto ITA"]
[Date "2014.07.08"]
[Round "2"]
[White "Levato, Biagio"]
[Black "Grillo, Gianluca"]
[WhiteElo "1593"]
[BlackElo "1373"]
[Result "0-1"]
[PlyCount "86"]
[EventDate "2014.07.07"]

1. e4 e6 2. d4 d5 3. exd5 exd5 4. Nc3 Bb4 5. Bd2 Nc6 6. a3 Be7 7. Bb5 Nf6 8. h3
O-O 9. Nf3 Re8 10. O-O Bf5 11. Ne2 Ne4 12. Bf4 Bd6 13. Bxd6 Qxd6 14. Bd3 Re6
15. c4 b6 16. b4 dxc4 17. Bxc4 Rg6 18. Nh4 Rg5 19. Nxf5 Rxf5 20. Rc1 a6 21. b5
axb5 22. Bxb5 Ne7 23. Bd3 Qd5 24. Bxe4 Qxe4 25. Ng3 Qb7 26. Nxf5 Nxf5 27. Qg4
Ra5 28. Rfe1 h6 29. Re5 g6 30. Rxa5 bxa5 31. Qf4 Qb6 32. Rd1 Qb3 33. Qc1 Qb6
34. Qe3 Nxe3 35. fxe3 Qb3 36. Re1 Qxa3 37. d5 Qc3 38. Kf2 a4 39. e4 a3 40. Kf1
a2 41. e5 a1=Q 42. Rxa1 Qxa1+ 43. Kf2 Qxe5 0-1

[Event "Torneo dello Jonio"]
[Site "Isola di Capo Rizzuto ITA"]
[Date "2014.07.08"]
[Round "2"]
[White "Manfredi, Candido"]
[Black "Morelli, Gaetano"]
[WhiteElo "1726"]
[BlackElo "1913"]
[Result "0-1"]
[PlyCount "138"]
[EventDate "2014.07.07"]

1. d4 d5 2. c4 e6 3. Nc3 c6 4. e3 a6 5. Nf3 Nd7 6. Bd3 Ngf6 7. O-O Bd6 8. Qc2
dxc4 9. Bxc4 b5 10. Bd3 Bb7 11. e4 e5 12. Bg5 O-O 13. Rad1 exd4 14. Nxd4 Bxh2+
15. Kh1 Be5 16. Nf5 h6 17. Bh4 Qc7 18. Ne2 Nh5 19. Qd2 Nf4 20. Bb1 Nb6 21. g3
Ng6 22. f4 Nxh4 23. Nxh4 Rad8 24. Qc2 Bf6 25. Nf5 c5 26. Kh2 Rxd1 27. Rxd1 Rd8
28. Rxd8+ Bxd8 29. Ng1 h5 30. Nh3 Nc4 31. Ng5 g6 32. Nh6+ Kg7 33. Ngxf7 Bf6 34.
e5 Bxe5 35. Qxg6+ Kf8 36. Qg8+ Ke7 37. Nf5+ Kd7 38. Nxe5+ Nxe5 39. Qg7+ Kc8 40.
Qf8+ Kd7 41. Qe7+ Kc6 42. Be4+ Kb6 43. Qxc7+ Kxc7 44. Bxb7 Ng4+ 45. Kh3 Kxb7
46. Ng7 c4 47. Kg2 Ne3+ 48. Kf3 Nd1 49. Ke2 Nxb2 50. Kd2 b4 51. f5 c3+ 52. Kc2
Nc4 53. f6 Ne5 54. Nxh5 Kc6 55. g4 Kd6 56. g5 Ke6 57. g6 Nxg6 58. a3 a5 59.
axb4 axb4 60. Ng3 Kd5 61. f7 Kc4 62. Ne2 b3+ 63. Kc1 Nf8 64. Kb1 Ne6 65. Nc1 b2
66. Ne2 Kb3 67. Nc1+ bxc1=Q+ 68. Kxc1 c2 69. f8=Q Nxf8 0-1

[Event "Torneo dello Jonio"]
[Site "Isola di Capo Rizzuto ITA"]
[Date "2014.07.08"]
[Round "2"]
[White "Rametta, Marcello"]
[Black "Malerba, Gianluca"]
[WhiteElo "1788"]
[BlackElo "1476"]
[Result "1-0"]
[PlyCount "91"]
[EventDate "2014.07.07"]

1. e4 e5 2. Bc4 Nf6 3. d3 Be7 4. Nf3 d6 5. c3 O-O 6. h3 c6 7. Bb3 Na6 8. Bg5
Nc5 9. Bc2 Ne6 10. Be3 h6 11. Nbd2 a5 12. Nf1 Nh7 13. h4 Nf4 14. Bxf4 exf4 15.
Qd2 f5 16. e5 Re8 17. O-O-O a4 18. Qxf4 dxe5 19. Qc4+ Qd5 20. Nxe5 Qxc4 21.
Nxc4 b5 22. Nb6 Rb8 23. Nxc8 Rexc8 24. d4 Rf8 25. Ne3 f4 26. Ng4 f3 27. gxf3
Rxf3 28. Ne5 Rxf2 29. Nxc6 Rb7 30. d5 Bd6 31. Nd8 Rd7 32. Ne6 Rdf7 33. Bd3 a3
34. bxa3 Bxa3+ 35. Kb1 Rb2+ 36. Ka1 Rff2 37. Bb1 Rb4 38. Bxh7+ Kxh7 39. cxb4
Bxb4 40. Rh3 Bd6 41. Kb1 b4 42. Nd8 Be5 43. Rb3 Bc3 44. d6 Bf6 45. Ne6 Bxh4 46.
Rxb4 1-0

[Event "Torneo dello Jonio"]
[Site "Isola di Capo Rizzuto ITA"]
[Date "2014.07.09"]
[Round "3"]
[White "Colantonio, Marco"]
[Black "Grano, Giuseppe"]
[WhiteElo "1705"]
[BlackElo "1665"]
[Result "1-0"]
[PlyCount "84"]
[EventDate "2014.07.07"]

1. e4 c5 2. c3 d6 3. d4 cxd4 4. cxd4 Nf6 5. Nc3 Nc6 6. Bb5 Bd7 7. Nge2 a6 8.
Ba4 g6 9. O-O Bg7 10. f3 O-O 11. Be3 Rc8 12. Qd2 b5 13. Bc2 Na5 14. b3 Qc7 15.
Rac1 Nb7 16. Bb1 Qa5 17. e5 Ne8 18. Nd5 Rxc1 19. Nxe7+ Kh8 20. Qxc1 dxe5 21.
dxe5 b4 22. Be4 Nd8 23. Rd1 Be6 24. Qd2 Nf6 25. exf6 Bxf6 26. Nd5 Bxd5 27. Bxd5
Qc7 28. Bc4 Be7 29. Qd4+ f6 30. Bh6 Nc6 31. Qd7 Qb6+ 32. Kf1 Rd8 33. Qxd8+ Nxd8
34. Nd4 Qd6 35. g3 Bf8 36. Bf4 Qb6 37. Kg2 g5 38. Bc1 Bc5 39. Nf5 Qc7 40. Bb2
Be7 41. Re1 Qd7 42. Nxe7 Nf7 1-0

[Event "Torneo dello Jonio"]
[Site "Isola di Capo Rizzuto ITA"]
[Date "2014.07.09"]
[Round "3"]
[White "Forlano, Luigi"]
[Black "Bontempi, Piero"]
[WhiteElo "1956"]
[BlackElo "2360"]
[Result "0-1"]
[PlyCount "41"]
[EventDate "2014.07.07"]

1. e4 c5 2. Nc3 Nc6 3. f4 e6 4. Nf3 Nge7 5. Bb5 a6 6. Bxc6 Nxc6 7. e5 d6 8. d3
Be7 9. exd6 Bxd6 10. Ne4 Qc7 11. O-O O-O 12. Bd2 b6 13. Qe2 Bb7 14. Bc3 Rad8
15. Rae1 Nd4 16. Bxd4 cxd4 17. Neg5 Bb4 18. Nxh7 Bxe1 19. Nxf8 Bxf3 20. Qxe1
Bd5 21. Qh4 0-1

[Event "Torneo dello Jonio"]
[Site "Isola di Capo Rizzuto ITA"]
[Date "2014.07.09"]
[Round "3"]
[White "Frontera, Domenico"]
[Black "Proietto, Francesco"]
[WhiteElo "1699"]
[BlackElo "1613"]
[Result "0-1"]
[PlyCount "82"]
[EventDate "2014.07.07"]

1. e4 c5 2. Nf3 d6 3. d4 cxd4 4. Nxd4 Nf6 5. Nc3 a6 6. Bc4 b5 7. Bb3 b4 8. Na4
e6 9. Bg5 Be7 10. O-O O-O 11. Qe1 a5 12. Rd1 Ba6 13. Bxf6 Bxf6 14. Ne2 Nc6 15.
f4 Bxe2 16. Qxe2 Nd4 17. Qd3 Nxb3 18. axb3 Qc7 19. Rd2 Rfd8 20. Qf3 d5 21. e5
Be7 22. Qe3 h6 23. Qd4 Qa7 24. Rfd1 Rdc8 25. Qxa7 Rxa7 26. Kf2 Rac7 27. Rc1 Kh7
28. Ke3 g5 29. g3 Kg6 30. Kf3 gxf4 31. gxf4 Kf5 32. Rg2 Rb7 33. Rg7 Bf8 34. Rg8
Rbb8 35. c3 f6 36. Re1 bxc3 37. Nxc3 Rxb3 38. Re3 d4 39. Nd5 dxe3 40. Nxe3+
Rxe3+ 41. Kxe3 fxe5 0-1

[Event "Torneo dello Jonio"]
[Site "Isola di Capo Rizzuto ITA"]
[Date "2014.07.09"]
[Round "3"]
[White "Furnari, Francesco"]
[Black "Rotoni, Matteo"]
[WhiteElo "1791"]
[BlackElo "2188"]
[Result "0-1"]
[PlyCount "39"]
[EventDate "2014.07.07"]

1. d4 Nf6 2. Nf3 c5 3. Nc3 d5 4. e3 Nc6 5. Be2 Ne4 6. O-O g6 7. dxc5 Nxc3 8.
bxc3 Bg7 9. Nd4 O-O 10. Bd2 e5 11. Nb3 Be6 12. f4 d4 13. cxd4 exd4 14. Rb1 Qe7
15. Bd3 dxe3 16. Bc1 Bxb3 17. Rxb3 Nd4 18. Rb1 e2 19. Bxe2 Nxe2+ 20. Kh1 0-1

[Event "Torneo dello Jonio"]
[Site "Isola di Capo Rizzuto ITA"]
[Date "2014.07.09"]
[Round "3"]
[White "Grillo, Gianluca"]
[Black "Manfredi, Candido"]
[WhiteElo "1373"]
[BlackElo "1726"]
[Result "0-1"]
[PlyCount "90"]
[EventDate "2014.07.07"]

1. d4 Nf6 2. Bf4 e6 3. e3 d5 4. Nd2 Nbd7 5. Be2 c6 6. h3 Qb6 7. Rb1 Be7 8. Ngf3
O-O 9. O-O c5 10. c3 Qa5 11. Qb3 c4 12. Qc2 h6 13. Ne5 Nxe5 14. dxe5 Nd7 15.
Nf3 Qxa2 16. Ra1 Qb3 17. Bd1 Qxc2 18. Bxc2 f6 19. e4 fxe5 20. Bxe5 Nxe5 21.
Nxe5 Bd6 22. Ng6 Rd8 23. e5 Bc5 24. Kh1 Bd7 25. Ba4 b5 26. Bc2 Be8 27. Nf4 Bf7
28. Bg6 d4 29. Bxf7+ Kxf7 30. Ra6 Bb6 31. cxd4 Rxd4 32. g3 Rd2 33. Ra3 Rxf2 34.
Rxf2 Bxf2 35. Rf3 Bb6 36. Nd5+ Kg8 37. Ne7+ Kh7 38. Nc6 Rc8 39. Nb4 a5 40. Na2
Rc7 41. Nc3 b4 42. Nb5 Rc5 43. Nd6 c3 44. bxc3 bxc3 45. Ne4 c2 0-1

[Event "Torneo dello Jonio"]
[Site "Isola di Capo Rizzuto ITA"]
[Date "2014.07.09"]
[Round "3"]
[White "Malerba, Gianluca"]
[Black "Galardo, Emanuele"]
[WhiteElo "1476"]
[BlackElo "1423"]
[Result "1-0"]
[PlyCount "63"]
[EventDate "2014.07.07"]

1. e4 e5 2. Nf3 Nc6 3. Bc4 Nf6 4. Ng5 d5 5. exd5 Nxd5 6. Qf3 Be6 7. Nxe6 fxe6
8. c3 Qd7 9. a4 O-O-O 10. d3 g6 11. Nd2 Bh6 12. Ne4 Bxc1 13. Rxc1 Rdf8 14. Qg3
a6 15. O-O Nf6 16. Bb3 Nd5 17. Rfe1 Rd8 18. Ba2 Nf4 19. Nc5 Qd6 20. b4 Rhe8 21.
Rcd1 a5 22. Ne4 Qe7 23. b5 Na7 24. d4 Kb8 25. Nc5 Qd6 26. Qf3 c6 27. Rxe5 Rf8
28. Qe3 Rde8 29. Nxe6 Nxe6 30. Bxe6 Qa3 31. Bd7 Rxe5 32. Qxe5+ 1-0

[Event "Torneo dello Jonio"]
[Site "Isola di Capo Rizzuto ITA"]
[Date "2014.07.09"]
[Round "3"]
[White "Morelli, Gaetano"]
[Black "Guzzo, Giovanni"]
[WhiteElo "1913"]
[BlackElo "1696"]
[Result "1-0"]
[PlyCount "101"]
[EventDate "2014.07.07"]

1. e4 e5 2. Nf3 Nc6 3. d4 exd4 4. Bc4 h6 5. Nxd4 Nxd4 6. Qxd4 Qf6 7. e5 Qg6 8.
Qf4 Bc5 9. O-O Ne7 10. Nc3 O-O 11. Ne4 Bb6 12. Ng3 Qxc2 13. Ne4 Ng6 14. Nf6+
gxf6 15. Qxh6 Qf5 16. exf6 Qxf6 17. Be3 Qg7 18. Qh5 Qh7 19. Qg5 c6 20. g3 d5
21. Bd3 Bd8 22. Bxg6 Qxg6 23. Qf4 Bh3 24. Rfe1 Qe4 25. f3 Qxf4 26. Bxf4 Bb6+
27. Kh1 Be6 28. g4 Bd4 29. Re2 Rfe8 30. Rd1 c5 31. h4 Kh7 32. h5 f6 33. Rde1
Bf7 34. Re7 Rxe7 35. Rxe7 Kg7 36. Rxb7 Be5 37. Bc1 d4 38. f4 Bd6 39. Rd7 Bf8
40. h6+ Kg8 41. h7+ Kg7 42. Rxf7+ Kxf7 43. h8=Q Re8 44. Qh5+ Ke7 45. Qxc5+ Kf7
46. Qh5+ Ke7 47. Bd2 Bg7 48. Bb4+ Kd8 49. Qd5+ Kc8 50. Qa8+ Kd7 51. Qxa7+ 1-0

[Event "Torneo dello Jonio"]
[Site "Isola di Capo Rizzuto ITA"]
[Date "2014.07.09"]
[Round "3"]
[White "Palmieri, Francesco"]
[Black "Rametta, Marcello"]
[WhiteElo "1620"]
[BlackElo "1788"]
[Result "0-1"]
[PlyCount "112"]
[EventDate "2014.07.07"]

1. e4 c5 2. c3 e6 3. Nf3 a6 4. d4 cxd4 5. cxd4 d5 6. exd5 Qxd5 7. Nc3 Bb4 8.
Qa4+ Nc6 9. Bd2 Bxc3 10. bxc3 b5 11. Qb3 Qe4+ 12. Be2 Na5 13. Qd1 Nc4 14. O-O
Nb2 15. Qe1 Bb7 16. Rb1 Nd3 17. Bxd3 Qxd3 18. Ng5 h6 19. Nxe6 fxe6 20. Qxe6+
Kd8 21. Qb6+ Kc8 22. Qc5+ Kd7 23. Bf4 Qc4 24. Qd6+ Kc8 25. Qf8+ Kd7 26. Qxg7+
Ne7 27. Rfe1 Rae8 28. Qe5 Qc6 29. f3 Rhg8 30. d5 Nxd5 31. Qf5+ Kd8 32. Bxh6
Qxh6 33. Red1 Qe3+ 34. Kh1 Qxc3 35. Rbc1 Qe5 36. Rxd5+ Qxd5 37. Rc8+ Bxc8 38.
Qxd5+ Kc7 39. Qc5+ Kb7 40. Qd5+ Ka7 41. Qc5+ Ka8 42. h4 Re1+ 43. Kh2 Rge8 44.
Kg3 R1e2 45. Qd6 Rg8+ 46. Kf4 Rexg2 47. h5 R2g5 48. Qh6 Rf5+ 49. Ke4 Re8+ 50.
Kd4 Bb7 51. Qg6 Rd8+ 52. Kc3 Rxf3+ 53. Kb4 Rf4+ 54. Ka5 Rc8 55. Qg7 Ra4+ 56.
Kb6 Rc6# 0-1

[Event "Torneo dello Jonio"]
[Site "Isola di Capo Rizzuto ITA"]
[Date "2014.07.09"]
[Round "3"]
[White "Scerra, Ezio"]
[Black "Levato, Biagio"]
[WhiteElo "1605"]
[BlackElo "1593"]
[Result "0-1"]
[PlyCount "54"]
[EventDate "2014.07.07"]

1. e4 c5 2. Bc4 e6 3. Nf3 Nc6 4. c3 a6 5. d3 Qc7 6. Bg5 Be7 7. Bxe7 Ngxe7 8. d4
b5 9. Be2 cxd4 10. cxd4 Bb7 11. O-O d5 12. Nbd2 dxe4 13. Nxe4 Nf5 14. Nc5 Bc8
15. Rc1 Qd6 16. d5 exd5 17. Bd3 O-O 18. Ng5 h6 19. Qc2 Ncd4 20. Qc3 hxg5 21.
Rfe1 Qf6 22. Qd2 Nh4 23. Re3 g4 24. Qd1 Ndf3+ 25. Kh1 Nxh2 26. g3 N2f3 27. Be2
Qh6 0-1

[Event "Torneo dello Jonio"]
[Site "Isola di Capo Rizzuto ITA"]
[Date "2014.07.10"]
[Round "4"]
[White "Galardo, Emanuele"]
[Black "Crugliano, Pasquale"]
[WhiteElo "1423"]
[BlackElo "1437"]
[Result "0-1"]
[PlyCount "56"]
[EventDate "2014.07.07"]

1. e4 e6 2. d4 d5 3. exd5 Qxd5 4. Nc3 Bb4 5. Qd3 Bxc3+ 6. Qxc3 Qe4+ 7. Be3 Qc6
8. Qxc6+ Nxc6 9. Bb5 Bd7 10. Bxc6 Bxc6 11. Nf3 Nf6 12. O-O-O O-O-O 13. Bf4 Ne4
14. Rhf1 Bb5 15. Be3 Bxf1 16. Rxf1 Rhe8 17. Nd2 Nxd2 18. Kxd2 e5 19. c3 c5 20.
Kd3 Re6 21. Kc4 cxd4 22. cxd4 Rc6+ 23. Kb3 Rd5 24. dxe5 Rb5+ 25. Ka4 Rxe5 26.
b4 Rc3 27. Bd4 b5+ 28. Ka5 Ra3# 0-1

[Event "Torneo dello Jonio"]
[Site "Isola di Capo Rizzuto ITA"]
[Date "2014.07.10"]
[Round "4"]
[White "Grano, Giuseppe"]
[Black "Malerba, Gianluca"]
[WhiteElo "1665"]
[BlackElo "1476"]
[Result "0-1"]
[PlyCount "60"]
[EventDate "2014.07.07"]

1. d4 c5 2. c3 e6 3. Nf3 Nf6 4. e3 Be7 5. Bd3 O-O 6. Qc2 h6 7. Nbd2 d5 8. b3
Bd6 9. h3 Nc6 10. O-O Bd7 11. e4 cxd4 12. Nxd4 Nxd4 13. cxd4 Rc8 14. Qb1 dxe4
15. Nxe4 Bc6 16. Bb2 Nd5 17. a4 Bc7 18. Bc4 Qh4 19. Ba3 Rfd8 20. Bxd5 Bxd5 21.
Re1 f5 22. Nc5 Qf4 23. Re5 Bxe5 24. dxe5 Qxe5 25. Bb2 Qe2 26. Bd4 Bxg2 27. Ra2
Qf3 28. Qe1 Bxh3 29. Qxe6+ Kh8 30. Qg6 Rxd4 0-1

[Event "Torneo dello Jonio"]
[Site "Isola di Capo Rizzuto ITA"]
[Date "2014.07.10"]
[Round "4"]
[White "Guzzo, Giovanni"]
[Black "Grillo, Gianluca"]
[WhiteElo "1696"]
[BlackElo "1373"]
[Result "1-0"]
[PlyCount "77"]
[EventDate "2014.07.07"]

1. e4 e6 2. f4 d5 3. e5 c5 4. Nf3 Nc6 5. Be2 Be7 6. O-O Nh6 7. c3 Nf5 8. Na3 c4
9. Nc2 Qb6+ 10. Kh1 a5 11. d4 cxd3 12. Qxd3 Bd7 13. b3 a4 14. b4 O-O 15. a3 f6
16. Ncd4 fxe5 17. Nxe5 Nxe5 18. fxe5 Be8 19. Nxf5 Rxf5 20. Rxf5 exf5 21. Qxd5+
Bf7 22. Qf3 g6 23. Be3 Qe6 24. Qxb7 Rd8 25. Bd4 Bg5 26. Bb5 Qd5 27. Qxd5 Bxd5
28. Bxa4 Ra8 29. Bb5 Rc8 30. a4 f4 31. Be2 Rf8 32. Bf3 Bc4 33. b5 Rb8 34. b6
Bd8 35. a5 Kf7 36. Bc5 Ke6 37. Bd6 Rc8 38. b7 Bd5 39. bxc8=Q+ 1-0

[Event "Torneo dello Jonio"]
[Site "Isola di Capo Rizzuto ITA"]
[Date "2014.07.10"]
[Round "4"]
[White "Levato, Biagio"]
[Black "Frontera, Domenico"]
[WhiteElo "1593"]
[BlackElo "1699"]
[Result "1-0"]
[PlyCount "23"]
[EventDate "2014.07.07"]

1. e4 e5 2. Nf3 Nc6 3. Bc4 Bc5 4. c3 Nf6 5. d4 exd4 6. cxd4 Bb4+ 7. Nc3 Nxe4 8.
O-O Nxc3 9. bxc3 Bxc3 10. Qb3 Bxa1 11. Bxf7+ Kf8 12. Re1 1-0

[Event "Torneo dello Jonio"]
[Site "Isola di Capo Rizzuto ITA"]
[Date "2014.07.10"]
[Round "4"]
[White "Manfredi, Candido"]
[Black "Colantonio, Marco"]
[WhiteElo "1726"]
[BlackElo "1705"]
[Result "1-0"]
[PlyCount "59"]
[EventDate "2014.07.07"]

1. d4 f5 2. c4 Nf6 3. Nc3 g6 4. Bg5 Bg7 5. Qd2 h6 6. Be3 d6 7. Qc2 Ng4 8. h3
Nxe3 9. fxe3 e5 10. O-O-O e4 11. Nxe4 Qe7 12. Nc3 Qxe3+ 13. Kb1 Bxd4 14. Nd5
Qf2 15. Nxc7+ Kf7 16. Nxa8 Na6 17. Qd2 Be5 18. Nf3 Qc5 19. Nxe5+ Qxe5 20. Qd5+
Be6 21. Qxe5 dxe5 22. g4 Rxa8 23. Bg2 Bxc4 24. Bd5+ Bxd5 25. Rxd5 Ke6 26. Rhd1
fxg4 27. hxg4 e4 28. Rd6+ Ke5 29. e3 Rg8 30. R1d5# 1-0

[Event "Torneo dello Jonio"]
[Site "Isola di Capo Rizzuto ITA"]
[Date "2014.07.10"]
[Round "4"]
[White "Proietto, Francesco"]
[Black "Furnari, Francesco"]
[WhiteElo "1613"]
[BlackElo "1791"]
[Result "0-1"]
[PlyCount "40"]
[EventDate "2014.07.07"]

1. e4 d5 2. exd5 Qxd5 3. c4 Qa5 4. Nc3 Nf6 5. Qa4+ Qxa4 6. Nxa4 e5 7. a3 Nc6 8.
Ne2 Bf5 9. b4 a5 10. b5 Nd4 11. Nxd4 exd4 12. d3 O-O-O 13. b6 Re8+ 14. Kd2 Bd7
15. Nb2 cxb6 16. h3 Bd6 17. Be2 Re7 18. Bd1 Rhe8 19. a4 Kc7 20. Rb1 Bf4+ 0-1

[Event "Torneo dello Jonio"]
[Site "Isola di Capo Rizzuto ITA"]
[Date "2014.07.10"]
[Round "4"]
[White "Rametta, Marcello"]
[Black "Forlano, Luigi"]
[WhiteElo "1788"]
[BlackElo "1956"]
[Result "0-1"]
[PlyCount "112"]
[EventDate "2014.07.07"]

1. e4 c6 2. Nf3 d5 3. exd5 cxd5 4. d4 Bg4 5. Be2 Nc6 6. c3 e6 7. h3 Bxf3 8.
Bxf3 Nf6 9. Bg5 Be7 10. Nd2 O-O 11. Qe2 Qc7 12. Nf1 b5 13. Ne3 b4 14. O-O bxc3
15. bxc3 Na5 16. Rac1 Rac8 17. Rfe1 Ba3 18. Rc2 Nd7 19. Ng4 Nc4 20. Bc1 Rb8 21.
Qd3 Rb1 22. Kf1 Rfb8 23. g3 Bxc1 24. Rexc1 Rxc1+ 25. Rxc1 Qa5 26. Qe2 Rb2 27.
Rc2 Qxa2 28. Rxb2 Qxb2 29. Qe1 Nd2+ 30. Kg2 Qxc3 31. Bxd5 Nf8 32. Ba2 Qxd4 33.
Qc1 Qe4+ 34. Kg1 Nf3+ 35. Kf1 Nh2+ 36. Kg1 Nxg4 37. hxg4 Qxg4 38. Qc3 Qd1+ 39.
Kg2 Qa4 40. Bb3 Qe4+ 41. Kg1 Qb7 42. Qd3 a5 43. Ba4 Qb4 44. Be8 a4 45. Qf3 f5
46. Qa8 a3 47. Qa7 Qd6 48. Bf7+ Kh8 49. Qa8 e5 50. Ba2 g6 51. Qe8 Kg7 52. Kh2
Nd7 53. Kh3 Nf6 54. Qf7+ Kh6 55. Kh4 Ng4 56. Qa7 Qd4 0-1

[Event "Torneo dello Jonio"]
[Site "Isola di Capo Rizzuto ITA"]
[Date "2014.07.10"]
[Round "4"]
[White "Scerra, Ezio"]
[Black "Palmieri, Francesco"]
[WhiteElo "1605"]
[BlackElo "1620"]
[Result "1/2-1/2"]
[PlyCount "126"]
[EventDate "2014.07.07"]

1. e4 d6 2. c3 Nf6 3. Qf3 e5 4. d4 Bd7 5. Bg5 Be7 6. h3 h6 7. Be3 Na6 8. Bxa6
bxa6 9. Nd2 c5 10. dxc5 dxc5 11. Nc4 Rb8 12. Nxe5 Rxb2 13. Ne2 Bb5 14. c4 Qa5+
15. Kf1 Bd6 16. Nd3 Rxa2 17. Rxa2 Qxa2 18. cxb5 Qb1+ 19. Ndc1 axb5 20. e5 Qc2
21. Qc6+ Nd7 22. Qxd6 Kd8 23. g3 Qe4 24. Rg1 Re8 25. Bxc5 Re6 26. Qd3 Qxe5 27.
Bxa7 Qc7 28. Be3 Ke8 29. Qxb5 Qc8 30. Kg2 Qa8+ 31. Kh2 Re5 32. Qd3 Nf6 33. Bf4
Rd5 34. Qf3 Qc8 35. Bxh6 Rh5 36. Qe3+ Kf8 37. Bxg7+ Kxg7 38. g4 Nxg4+ 39. Rxg4+
Qxg4 40. Qg3 Qxg3+ 41. fxg3 Rc5 42. Nd3 Rc2 43. Ndf4 f5 44. h4 Kf6 45. Kh3 Rc4
46. Nd5+ Kg6 47. Nef4+ Kh6 48. Ne3 Re4 49. Nxf5+ Kh7 50. h5 Ra4 51. Kh4 Ra6 52.
Kg5 Kh8 53. g4 Ra7 54. Ne7 Kh7 55. Nfd5 Ra6 56. Nf6+ Kg7 57. h6+ Kf7 58. h7 Ra8
59. Nf5 Rh8 60. Nd6+ Kg7 61. Nfe8+ Kxh7 62. Ne4 Rg8+ 63. Kh5 Rxg4 1/2-1/2

[Event "Torneo dello Jonio"]
[Site "Isola di Capo Rizzuto ITA"]
[Date "2014.07.11"]
[Round "5"]
[White "Bontempi, Piero"]
[Black "Rotoni, Matteo"]
[WhiteElo "2360"]
[BlackElo "2188"]
[Result "1-0"]
[PlyCount "97"]
[EventDate "2014.07.07"]

1. e4 e6 2. d4 d5 3. Nc3 Nf6 4. Bg5 Be7 5. Bxf6 Bxf6 6. Nf3 dxe4 7. Nxe4 Bd7 8.
Qd3 Bc6 9. O-O-O Bxe4 10. Qxe4 c6 11. Kb1 Nd7 12. h4 Nb6 13. g4 h6 14. Bg2 Qe7
15. g5 hxg5 16. hxg5 Rxh1 17. Rxh1 Bxg5 18. Rh8+ Kd7 19. Ne5+ Kc7 20. Nxc6 Qd6
21. Ne5 Qd5 22. Qg4 Qa5 23. Rh1 Bf6 24. Nxf7 Nc4 25. Qf4+ e5 26. dxe5 Nxe5 27.
b4 Qb5 28. a4 Qe8 29. Rh8 Qxh8 30. Nxh8 Rxh8 31. Ka2 Rh4 32. Qd2 Nc6 33. Bxc6
bxc6 34. a5 Rd4 35. Qe3 Rd5 36. Qf4+ Kb7 37. Kb3 Be7 38. Qe4 Bf6 39. Qe6 Kc7
40. Qg8 Rd8 41. Qc4 Rd6 42. Qa6 Bd4 43. Qe2 Bf6 44. Qe3 Bd4 45. Qg3 Bf6 46. Kc4
Kd7 47. Qe3 a6 48. Qa7+ Ke6 49. Qxa6 1-0

[Event "Torneo dello Jonio"]
[Site "Isola di Capo Rizzuto ITA"]
[Date "2014.07.11"]
[Round "5"]
[White "Colantonio, Marco"]
[Black "Proietto, Francesco"]
[WhiteElo "1705"]
[BlackElo "1613"]
[Result "1-0"]
[PlyCount "101"]
[EventDate "2014.07.07"]

1. e4 c5 2. c3 d5 3. exd5 Qxd5 4. d4 Nc6 5. Nf3 Bg4 6. Be2 Nf6 7. Be3 cxd4 8.
cxd4 e6 9. Nc3 Bb4 10. O-O Bxc3 11. bxc3 Ne4 12. c4 Qd6 13. Qb3 b6 14. Rfd1 Qb4
15. Rac1 O-O 16. h3 Bh5 17. g4 Bg6 18. Nh4 Qxb3 19. axb3 Na5 20. Nxg6 hxg6 21.
Bf3 f5 22. Rd3 Rad8 23. b4 Nc6 24. b5 Na5 25. d5 Nd6 26. dxe6 Ndxc4 27. Bd5
Nxe3 28. fxe3 Rfe8 29. e7+ Rxd5 30. Rxd5 Rxe7 31. Rd8+ Kh7 32. g5 Nb7 33. Rb8
Nd6 34. Rd1 Nf7 35. h4 Ne5 36. Rdd8 Nf7 37. Rf8 Rd7 38. Kf2 Rc7 39. Kf3 Re7 40.
Ke2 f4 41. Rbe8 Rxe8 42. Rxe8 fxe3 43. Kxe3 Nd6 44. Re5 Nc4+ 45. Kd4 Nxe5 46.
Kxe5 Kg8 47. Kd6 Kf8 48. Kc6 Ke8 49. Kb7 Kd8 50. Kxa7 Kc7 51. Ka6 1-0

[Event "Torneo dello Jonio"]
[Site "Isola di Capo Rizzuto ITA"]
[Date "2014.07.11"]
[Round "5"]
[White "Crugliano, Pasquale"]
[Black "Guzzo, Giovanni"]
[WhiteElo "1437"]
[BlackElo "1696"]
[Result "0-1"]
[PlyCount "94"]
[EventDate "2014.07.07"]

1. c4 e5 2. Nc3 Bc5 3. Nf3 Nc6 4. d3 Nf6 5. Bg5 h6 6. Be3 Bxe3 7. fxe3 Ng4 8.
Qd2 O-O 9. h3 Nf6 10. O-O-O d5 11. c5 d4 12. Ne4 Nd5 13. exd4 exd4 14. Re1 f5
15. Ng3 f4 16. Ne4 Ne3 17. g4 Qd5 18. b3 a5 19. Rg1 b6 20. cxb6 cxb6 21. g5 h5
22. g6 Ne7 23. Rg5 Rf5 24. Rxf5 Bxf5 25. Neg5 Rc8+ 26. Kb1 Rc2 27. Qxc2 Nxc2
28. Kxc2 Bxg6 29. Bg2 Nf5 30. Nh4 Ne3+ 31. Kc1 Nxg2 32. Nxg2 Qxg2 33. Ne6 Qc6+
34. Kd1 Qxe6 35. Rf1 Qe3 36. Rf3 Qe5 37. h4 Bf5 38. a3 Bg4 39. Rf2 Qe3 40. Rh2
Qg1+ 41. Kd2 Qxh2 42. b4 Qxe2+ 43. Kc1 Qxd3 44. bxa5 Bf5 45. Kb2 Qc3+ 46. Ka2
Qc2+ 47. Ka1 Qb1# 0-1

[Event "Torneo dello Jonio"]
[Site "Isola di Capo Rizzuto ITA"]
[Date "2014.07.11"]
[Round "5"]
[White "Furnari, Francesco"]
[Black "Forlano, Luigi"]
[WhiteElo "1791"]
[BlackElo "1956"]
[Result "0-1"]
[PlyCount "122"]
[EventDate "2014.07.07"]

1. c4 e5 2. Nc3 Nc6 3. g3 f5 4. d3 Nf6 5. Bg2 Bb4 6. Bd2 O-O 7. a3 Bxc3 8. Bxc3
d6 9. e3 Qe8 10. Ne2 Bd7 11. b4 Rb8 12. O-O Qh5 13. Bd2 Rbe8 14. f4 e4 15. d4
d5 16. cxd5 Nxd5 17. Rc1 Nce7 18. Nc3 Qxd1 19. Rfxd1 Nxc3 20. Rxc3 Ba4 21. Rb1
c6 22. Bf1 a6 23. Kf2 Kf7 24. Bc4+ Kf6 25. Bb3 Bxb3 26. Rbxb3 Ke6 27. a4 Nd5
28. Rc2 Nc7 29. Rc5 Kd7 30. Bc1 Rf7 31. Ke2 h6 32. Bd2 Ra8 33. Rb1 g5 34. Rf1
g4 35. Rb1 h5 36. Be1 Rh8 37. Rb3 Rh6 38. Re5 Re6 39. Rxe6 Kxe6 40. Rc3 Nd5 41.
Rc5 Rc7 42. Bd2 Kd6 43. Kd1 b6 44. Rc1 h4 45. Ke2 hxg3 46. hxg3 Rh7 47. Rf1
Rh2+ 48. Rf2 Rxf2+ 49. Kxf2 Nf6 50. Ke2 Kd5 51. Kd1 Kc4 52. Kc2 Nd5 53. b5 cxb5
54. axb5 a5 55. Bc1 Nc7 56. Ba3 Nxb5 57. Be7 Nc3 58. Bd8 Nd5 59. Kb2 Kb4 60.
Kb1 Kb3 61. Ka1 a4 0-1

[Event "Torneo dello Jonio"]
[Site "Isola di Capo Rizzuto ITA"]
[Date "2014.07.11"]
[Round "5"]
[White "Galardo, Emanuele"]
[Black "Grano, Giuseppe"]
[WhiteElo "1423"]
[BlackElo "1665"]
[Result "1/2-1/2"]
[PlyCount "118"]
[EventDate "2014.07.07"]

1. e4 c5 2. f4 d6 3. Nf3 Nc6 4. Bb5 Bd7 5. d3 a6 6. Bc4 Na5 7. Nbd2 b5 8. Bb3
Nxb3 9. Nxb3 Nf6 10. Qe2 g6 11. e5 c4 12. dxc4 bxc4 13. exf6 cxb3 14. axb3 Bb5
15. c4 Bc6 16. fxe7 Bxe7 17. O-O O-O 18. Rd1 Qc7 19. Nd4 Bb7 20. f5 Bc8 21.
fxg6 hxg6 22. Qe4 Bb7 23. Qg4 Qc8 24. Qxc8 Rfxc8 25. Be3 Re8 26. Kf1 Bf6 27.
Bf2 Re4 28. Rd2 Rae8 29. Re1 Rxe1+ 30. Bxe1 Re4 31. Nf3 Re3 32. b4 Bxf3 33.
gxf3 Be5 34. Kf2 Rb3 35. Rc2 Bxb2 36. c5 dxc5 37. bxc5 Be5 38. c6 Bd4+ 39. Kg2
Be5 40. Bg3 Bxg3 41. Kxg3 Rb8 42. c7 Rc8 43. Kf4 Kf8 44. Ke5 Ke7 45. h3 f6+ 46.
Kd5 Kd7 47. Rc1 a5 48. Rc3 Ke7 49. Re3+ Kf7 50. Rc3 g5 51. Kd6 Ke8 52. Ke6 f5
53. Kxf5 Kd7 54. Rc5 Kd6 55. Rxa5 Rxc7 56. Kxg5 Rc3 57. f4 Rxh3 58. f5 Rf3 59.
f6 Ke6 1/2-1/2

[Event "Torneo dello Jonio"]
[Site "Isola di Capo Rizzuto ITA"]
[Date "2014.07.11"]
[Round "5"]
[White "Grillo, Gianluca"]
[Black "Scerra, Ezio"]
[WhiteElo "1373"]
[BlackElo "1605"]
[Result "0-1"]
[PlyCount "116"]
[EventDate "2014.07.07"]

1. d4 g6 2. Bf4 Bg7 3. e3 Nf6 4. Nd2 d5 5. Be2 b6 6. h3 O-O 7. Bf3 c6 8. Be2 a5
9. a4 c5 10. c3 Nc6 11. Ngf3 Nd7 12. O-O cxd4 13. cxd4 e5 14. Bg5 f6 15. Bh4 e4
16. Ne1 Ba6 17. Bb5 Ne7 18. Qg4 Bxb5 19. axb5 Nf5 20. Bg3 Nxg3 21. Qe6+ Kh8 22.
fxg3 Nb8 23. Qg4 f5 24. Qe2 Nd7 25. Nc2 Qc7 26. Nb3 Qxg3 27. Qf2 Qd6 28. Ra3
Rf7 29. Nc1 Nf6 30. Rc3 Rc7 31. Ne2 Ne8 32. Rc1 Rac8 33. Ne1 Qb4 34. Nf4 Rxc3
35. Rxc3 Rxc3 36. bxc3 Qxb5 37. Nc2 Qc6 38. Qe1 Nd6 39. Na3 Kg8 40. Qd2 Nc4 41.
Nxc4 Qxc4 42. Qb2 b5 43. Ne6 Bh6 44. Nf4 b4 45. cxb4 Qxb4 46. Qa2 Qe1+ 47. Kh2
Bxf4+ 48. exf4 Qh4 49. Qxd5+ Kg7 50. g3 Qf6 51. Qd7+ Kh6 52. Kg2 Qb6 53. Kf2
Qb2+ 54. Ke3 Qb3+ 55. Kd2 Qb2+ 56. Ke3 Qc3+ 57. Kf2 Qf3+ 58. Ke1 e3 0-1